| 000 | 00314 a2200121 4500 | ||
|---|---|---|---|
| 001 | 60120 | ||
| 082 | _a510.285 HAR | ||
| 090 |
_c36931 _d36931 |
||
| 100 | _aHardy Darel W | ||
| 245 |
_aDoing Mathematics With Scientific work place _bver 5.5 |
||
| 260 |
_aUSA _bMackichan software _c2005 |
||
| 300 | _axxiv, 512 p. | ||
| 942 |
_aNUST-CAE _k510.285 HAR |
||
| 999 |
_c295193 _d295193 |
||